Vụ bắt cóc thế kỷ

Guardado en:
Detalles Bibliográficos
Autor principal: Arđamatxki, Vaxili
Formato: Libro
Lenguaje:Undetermined
Publicado: Hà Nội Công an Nhân dân 2004
Materias:
Etiquetas: Agregar Etiqueta
Sin Etiquetas, Sea el primero en etiquetar este registro!
Thư viện lưu trữ: Trung tâm Học liệu Trường Đại học Cần Thơ
LEADER 00543nam a2200193Ia 4500
001 CTU_94960
008 210402s9999 xx 000 0 und d
020 |c 29000 
082 |a 891.73 
082 |b A667 
100 |a Arđamatxki, Vaxili 
245 0 |a Vụ bắt cóc thế kỷ 
245 0 |c Vaxili Arđamatxki ; Lê Quốc Hưng dịch 
260 |a Hà Nội 
260 |b Công an Nhân dân 
260 |c 2004 
650 |a Russian fiction 
904 |i Trúc 
980 |a Trung tâm Học liệu Trường Đại học Cần Thơ